000
00281nam a2200121Ia 4500
008
241002s9999 xx 000 0 und d
082
_a
808.83 LAW
100
_a
Lawrence, D.H
245
4
_a
The Woman Who Rode Away
260
_a
London:
_c
1960
600
_a
Literature
942
_c
UC
999
_c
18809
_d
18809